LEADER 01030nam a2200253 i 4500 001 000000177408 003 CaOOAMICUS 005 20090204000000.0 008 090204s1998 it u000 u ita u 013 $a154942 040 $aSeMil$bita 100 1 $aRousseau, Jean-Jacques,$d<1712-1778>.$0(OLS)http://semarc/name/1179 245 10$aRousseau :$bIncantatrice di serpenti. 260 $aMilano :$bRCS Rizzoli Libri,$ccopyr. 1998. 300 $a48 p. :$briccamente ill. ;$c31 cm. 490 0 $aCento dipinti 500 $aDono di don Romano Martinelli. 650 4$aRousseau, Jean-Jacques <1712-1778> - Opere.$0(OLS)http://semarc/subject/2729 830 0$aCento dipinti.$0(OLS)http://semarc/title/27224 850 $aSeMil 852 $aSeMil$W1$xVenegono$y1$m5T VII 41$j128219$B128219$CSeMilBibl$Z2$F139060 $81 961 $aOmaggio: Martinelli don Romano 996 $6245$aRousseau :$bIncantatrice di serpenti$9(OLS)http://semarc/title/254794 996 $6260$aMilano :$bRCS Rizzoli Libri$9(OLS)http://semarc/publisher/30293 LEADER 01347nam a2200325 4500 001 000000348845 003 CaOOAMICUS 005 20211220163303.0 008 211209s1999 it 000 u ita r 020 $a88-8272-030-6 040 $aSeMil$bita 100 1 $aGiuliotti, Domenico,$d<1877-1956>.$0(OLS)http://semarc/name/8610 245 10$aTizzi e fiamme /$cDomenico Giuliotti ; a cura di Massimo Baldini. 264 1$aSiena :$bCantagalli,$c1999. 300 $a216 p. ;$c19 cm 490 1 $aI classici cristiani$a292 490 1 $aI classici cristiani. Nuova serie ;$v1 541 0 $aOmaggio card. Angelo Scola (1C I 269) 650 4$aSpiritualitą.$0(OLS)http://semarc/subject/5428 700 1 $aBaldini, Massimo,$d<1947-2008>.$0(OLS)http://semarc/name/89118 830 2$aI classici cristiani ;$v292.$0(OLS)http://semarc/title/386 830 2$aI classici cristiani. Nuova serie ;$v1.$0(OLS)http://semarc/title/11799 850 $aSeMil 852 $aSeMil$W1$xVenegono$y1$m1C I 269$j230859$B239941$CSeMilBibl$Z2$F239941 $81 941 1 $a6 961 $aOmaggio card. Angelo Scola 996 $6020$a88-8272-030-6$9(OLS)http://semarc/number/294841 996 $6245$aTizzi e fiamme$9(OLS)http://semarc/title/237820 996 $6264$aSiena :$bCantagalli$9(OLS)http://semarc/publisher/29767